000
00324nam a2200121Ia 4500
008
220204s9999 xx 000 0 und d
082
_a
035
_b
PAR.2
100
_a
PAIPANANDIKAR, V A
245
0
_a
Survey of research in public administration. V 2.
260
_a
Bombay
_b
Allied
_c
1973
700
_a
PARANJAPE, H K
942
_c
BK
999
_c
26375
_d
26375